| 000 | 00613nam a2200217 a 4500 | ||
|---|---|---|---|
| 005 | 20140310183446.0 | ||
| 008 | 081003s19uu xx 00 eng d | ||
| 020 | _a9780071287531 | ||
| 050 |
_aHF 1017 _b.Ac26 2009 |
||
| 100 | _aAczel, Amir D. | ||
| 245 |
_aComplete business statistics / _cAmir D. Aczel |
||
| 250 | _a7th ed. | ||
| 260 |
_aBoston : _bMcGraw-Hill Irwin, _c2009. |
||
| 300 |
_a804 p. : _bcol. ill. ; _c29 cm. |
||
| 650 | _aBS Entrepreneurship. | ||
| 650 | _aCommercial statistics. | ||
| 650 | _aStatistics. | ||
| 700 | _aSounderpandian, Jayavel | ||
| 942 |
_cBK _2lcc _kFOR |
||
| 999 |
_c23258 _d23258 |
||